000 00497nam a2200181Ia 4500
008 191130s2005##################000#0#eng##
020 _a9780091906740
040 _aACL
_cACL
082 _a649.132 HAR
100 _aHartley-Brewer, Elizabeth
245 _aRaising and praising boys
_cElizabeth Hartley-Brewer
260 _aLondon
_bVermilion
_c2005
300 _a235 p. ; 15 cm
650 _aChild rearing
990 _ab9f98feeac10000c192a5d4886696d0b
991 _a350605
999 _c49722
_d49722